000 00529nam a2200181Ia 4500
003 OSt
005 20230524144954.0
008 210423s2000 xx 000 0 und d
040 _cAL
041 _aeng
082 _a658.3
_223
_bSAIH
100 _aSAINI (Debi S);KHAN (Sami A),Ed.
_9112514
245 _aHuman resource management: perspectives for the new era.
260 _aNew Delhi
_bResponse Books
_c2000
365 _b265
_cINR
906 _aera. ; Human ; management: ; new ; perspectives ; resource
942 _2ddc
_cBK
999 _c172852
_d172852